| 000 | 00670nam a2200241Ia 4500 | ||
|---|---|---|---|
| 005 | 20250425162549.0 | ||
| 008 | 250425s9999 xx 000 0 und d | ||
| 020 | _a089512100X | ||
| 041 | _aeng | ||
| 043 | _axxu | ||
| 082 | _a621.3815 | ||
| 110 | _aTHE ENGINEERING STAFF OF TEXAS INSTRUMENTS INCORPORATED | ||
| 245 | 0 | _aTHE INTERFACE CIRCUITS DATA BOOK FOR DESIGN ENGINEERS | |
| 250 | _a1ST ED. | ||
| 260 | _aDALLAS | ||
| 260 |
_aEstados Unidos _bTEXAS INSTRUMENTS _c1977 |
||
| 300 | _a592 | ||
| 650 | _aAMPLIFICADORES (ELECTRONICA) | ||
| 650 | _aANALISIS DE CIRCUITOS ELECTRICOS | ||
| 650 | _aINGENIERIA ELECTRONICA | ||
| 942 | _c01 | ||
| 010 | _a85775 | ||
| 999 |
_c231800 _d231800 |
||